000 00264nam a2200109Ia 4500
008 220204s9999 xx 000 0 und d
082 _a82-3
_bMAS
100 _aMasters, John
245 4 _aThe Field-Marshal's memoirs
260 _aLondon
_bSphere
_c1977
942 _cBK
999 _c31055
_d31055